|
|
|
|
| LEADER |
01372nam a2200385Ia 4500 |
| 001 |
EBC1024113 |
| 003 |
MiAaPQ |
| 005 |
20200520144314.0 |
| 006 |
m o d | |
| 007 |
cr cn||||||||| |
| 008 |
020531s2001 enka sb 001 0 eng d |
| 010 |
|
|
|z 2002283402
|
| 020 |
|
|
|z 0761953345
|
| 020 |
|
|
|z 0761953353
|
| 020 |
|
|
|z 9780761953357
|
| 020 |
|
|
|z 9781446264393
|
| 035 |
|
|
|a (MiAaPQ)EBC1024113
|
| 035 |
|
|
|a (Au-PeEL)EBL1024113
|
| 035 |
|
|
|a (CaPaEBR)ebr10567116
|
| 035 |
|
|
|a (OCoLC)823384466
|
| 040 |
|
|
|a MiAaPQ
|c MiAaPQ
|d MiAaPQ
|
| 050 |
|
4 |
|a HD30.3
|b .L36 2001
|
| 082 |
0 |
4 |
|a 302.35
|2 21
|
| 245 |
0 |
4 |
|a The language of organization
|h [electronic resource] /
|c edited by Robert Westwood and Stephen Linstead.
|
| 260 |
|
|
|a London ;
|a Thousand Oaks, CA. :
|b SAGE,
|c 2001.
|
| 300 |
|
|
|a x, 370 p. :
|b ill.
|
| 504 |
|
|
|a Includes bibliographical references and indexes.
|
| 533 |
|
|
|a Electronic reproduction. Ann Arbor, MI : ProQuest, 2015. Available via World Wide Web. Access may be limited to ProQuest affiliated libraries.
|
| 650 |
|
0 |
|a Communication in organizations.
|
| 650 |
|
0 |
|a Organizational behavior.
|
| 655 |
|
4 |
|a Electronic books.
|
| 700 |
1 |
|
|a Linstead, Stephen,
|d 1952-
|
| 700 |
1 |
|
|a Westwood, Robert Ian.
|
| 710 |
2 |
|
|a ProQuest (Firm)
|
| 856 |
4 |
0 |
|u https://ebookcentral.proquest.com/lib/matrademy/detail.action?docID=1024113
|z Click to View
|